|
|
|
|
| LEADER |
00000nam0a2200000 4500 |
| 001 |
149150 |
| 005 |
20231031145736.0 |
| 010 |
|
|
|a 575110398X
|
| 020 |
|
|
|a RU
|b 91-29513
|
| 035 |
|
|
|a (RuTPU)RU\TPU\book\161691
|
| 090 |
|
|
|a 149150
|
| 100 |
|
|
|a 20081212d1991 k a0rusy5003 ca
|
| 101 |
0 |
|
|a rus
|
| 102 |
|
|
|a RU
|
| 105 |
|
|
|a a z 001zy
|
| 200 |
1 |
|
|a Аналитическое исследование тепломассообмена и трения в пограничном слое
|f В. М. Агранат
|g Томский государственный университет (ТГУ)
|
| 210 |
|
|
|a Томск
|c Изд-во Том. ун-та
|d 1991
|
| 215 |
|
|
|a 171 с.
|c ил.
|
| 320 |
|
|
|a Библиогр.: с. 156-170.
|
| 610 |
1 |
|
|a аналитическое исследование
|
| 610 |
1 |
|
|a тепломассообмен
|
| 610 |
1 |
|
|a трение
|
| 610 |
1 |
|
|a пограничные слои
|
| 675 |
|
|
|a 532.52
|v 3
|
| 700 |
|
1 |
|a Агранат
|b В. М.
|g Владимир Михайлович
|
| 712 |
0 |
2 |
|a Томский государственный университет (ТГУ)
|2 stltpush
|3 (RuTPU)RU\TPU\col\397
|
| 801 |
|
0 |
|a RU
|b RuMRKP
|c 19950417
|g psbo
|
| 801 |
|
1 |
|a RU
|b 63413507
|c 20081212
|g PSBO
|
| 801 |
|
2 |
|a RU
|b 63413507
|c 20090303
|g PSBO
|
| 942 |
|
|
|c BK
|